[Event "Montpellier II-Saint Affrique"]
[Site "Saint Affrique"]
[Date "2008.04.06"]
[Round "11.5"]
[White "Guennoun, Anthony"]
[Black "Boyd, Stephen"]
[Result "0-1"]
[WhiteElo "2179"]
[BlackElo "2315"]
[PlyCount "76"]
[EventDate "2008.04.06"]

1. e4 g6 2. d4 Bg7 3. Nc3 d6 4. h3 a6 5. Nf3 b5 6. Bd3 Nd7 7. Be3 c5 8. a4 b4
9. Ne2 Ngf6 10. Ng3 cxd4 11. Bxd4 Bb7 12. b3 Qc7 13. O-O a5 14. Qe2 O-O 15. c4
bxc3 16. Rac1 e5 17. Rxc3 Qb8 18. Be3 d5 19. Bg5 dxe4 20. Bxe4 Nxe4 21. Nxe4 f5
22. Qc4+ Kh8 23. Qe6 fxe4 24. Qxd7 Bc8 25. Qe7 Ra7 26. Qc5 exf3 27. Be7 Re8 28.
Bd6 Qb7 29. Rfc1 Bf5 30. Qe3 Qd7 31. Bc7 Raa8 32. Rc5 e4 33. Bxa5 Qd4 34. Qxd4
Bxd4 35. Bc3 Bxc3 36. R1xc3 fxg2 37. Kxg2 Re7 38. Kg3 Kg7 0-1

[Event "Montpellier II-Saint Affrique"]
[Site "Saint Affrique"]
[Date "2008.04.06"]
[Round "11.6"]
[White "Laclau, Daniel"]
[Black "Dussol, Pierre"]
[Result "1/2-1/2"]
[WhiteElo "2280"]
[BlackElo "2227"]
[PlyCount "74"]
[EventDate "2008.04.06"]

1. d4 f5 2. Nf3 g6 3. g3 Bg7 4. Bg2 d6 5. O-O c6 6. b3 Nh6 7. Bb2 O-O 8. Nbd2
Na6 9. e3 Nc7 10. c4 Nf7 11. Qc2 e5 12. c5 e4 13. cxd6 Nd5 14. Ne5 Qxd6 15.
Ndc4 Qc7 16. Ba3 Rd8 17. Rac1 Be6 18. Rfd1 a5 19. Bf1 b5 20. Nxf7 Bxf7 21. Ne5
Bxe5 22. dxe5 b4 23. Bb2 Rdc8 24. Qc5 Be6 25. Bc4 Qb7 26. Rd2 Kf7 27. Rdc2 Qa7
28. Be2 Qxc5 29. Rxc5 Ne7 30. Bd4 a4 31. Bc4 axb3 32. axb3 Ra2 33. Ra1 Rxa1+
34. Bxa1 Ra8 35. Bd4 Ra3 36. Bb2 Ra2 37. Bd4 Ra3 1/2-1/2

[Event "Montpellier II-Saint Affrique"]
[Site "Saint Affrique"]
[Date "2008.04.06"]
[Round "11.7"]
[White "Flear, Christine"]
[Black "Mania, Clement"]
[Result "1/2-1/2"]
[WhiteElo "2142"]
[BlackElo "1956"]
[PlyCount "51"]
[EventDate "2008.04.06"]

1. d4 b6 2. e4 Bb7 3. Bd3 Nf6 4. Qe2 Nc6 5. c3 e5 6. d5 Ne7 7. c4 Ng6 8. g3 Bc5
9. Nc3 d6 10. Bd2 a5 11. Bc2 Bc8 12. Ba4+ Bd7 13. Bxd7+ Qxd7 14. O-O-O Ng4 15.
Rf1 f5 16. Nf3 h6 17. h3 Nf6 18. exf5 Qxf5 19. g4 Qd7 20. g5 hxg5 21. Nxg5
O-O-O 22. Ne6 Rde8 23. Rfg1 Nf8 24. Rxg7 Nxe6 25. Rxd7 Nd4 26. Rf7 1/2-1/2

[Event "Montpellier II-Saint Affrique"]
[Site "Saint Affrique"]
[Date "2008.04.06"]
[Round "11.8"]
[White "Vignette, Jeanne"]
[Black "Buscara, Sevan"]
[Result "0-1"]
[WhiteElo "1540"]
[BlackElo "2146"]
[PlyCount "92"]
[EventDate "2008.04.06"]

1. e4 c5 2. Nf3 Nc6 3. d4 cxd4 4. Nxd4 Qb6 5. Nf3 Nf6 6. Nc3 e6 7. Na4 Qa5+ 8.
c3 b5 9. b4 Qxa4 10. Qxa4 bxa4 11. Bd3 Bb7 12. O-O d5 13. Re1 Be7 14. b5 Na5
15. e5 Nd7 16. Be3 O-O 17. Ng5 h6 18. Nf3 Rfc8 19. Bd4 Nb6 20. h3 Bc5 21. Rac1
Nac4 22. Rc2 a6 23. Rb1 Bxd4 24. Bxc4 Bxf2+ 25. Rxf2 Nxc4 26. bxa6 Bxa6 27. Rb4
a3 28. Ra4 Rcb8 29. Rb4 Rxb4 30. cxb4 Rb8 31. Nd2 Rxb4 32. Nb3 Nxe5 33. Rc2 Bc4
34. Nc1 Rb2 35. Rc3 d4 36. Rxa3 Rb1 37. Kf2 Rxc1 38. Ra8+ Kh7 39. Rd8 d3 40.
Ke3 Re1+ 41. Kd2 Re2+ 42. Kd1 Bxa2 43. g4 Bb3+ 44. Kc1 Rc2+ 45. Kd1 Rc8+ 46.
Kd2 Rxd8 0-1

[Event "Tournefeuille-Nice"]
[Site "Saint Affrique"]
[Date "2008.04.06"]
[Round "11.1"]
[White "Sanchez, Nicolas"]
[Black "Suarez Real, Alberto"]
[Result "1-0"]
[WhiteElo "2212"]
[BlackElo "2415"]
[PlyCount "65"]
[EventDate "2008.04.06"]

1. d4 Nf6 2. c4 g6 3. Nc3 Bg7 4. e4 d6 5. Nf3 O-O 6. Be2 e5 7. O-O Nc6 8. d5
Ne7 9. Ne1 Nd7 10. Nd3 f5 11. Bd2 Kh8 12. a4 c5 13. a5 Nf6 14. f3 f4 15. Nb5 a6
16. Na3 g5 17. Nf2 h5 18. h3 b6 19. Nc2 bxa5 20. Bxa5 Qe8 21. b4 Nd7 22. Nd3
cxb4 23. Bxb4 Qg6 24. Rb1 a5 25. Ba3 Ba6 26. Nf2 Rfc8 27. Na1 Nc5 28. Rb6 g4
29. hxg4 Rc7 30. Nb3 Nxb3 31. Rxd6 Qf7 32. Qxb3 Nc8 33. Re6 1-0

[Event "Tournefeuille-Nice"]
[Site "Saint Affrique"]
[Date "2008.04.06"]
[Round "11.2"]
[White "Bujisho, Benjamin"]
[Black "Lacroix, Romain"]
[Result "1-0"]
[WhiteElo "2407"]
[BlackElo "2149"]
[PlyCount "79"]
[EventDate "2008.04.06"]

1. d4 d5 2. c4 c6 3. Nc3 Nf6 4. Nf3 a6 5. e3 b5 6. cxd5 cxd5 7. Ne5 e6 8. Bd3
Bb7 9. O-O Nbd7 10. f4 Ne4 11. a4 b4 12. Nxe4 dxe4 13. Be2 Be7 14. Bd2 O-O 15.
a5 f6 16. Nc4 Rb8 17. Qa4 Bd5 18. b3 f5 19. Rfc1 Qe8 20. g3 Nf6 21. Qa2 Bc6 22.
Rc2 Bb5 23. Rac1 Nd5 24. Bd1 Rc8 25. Ne5 Rxc2 26. Qxc2 Bd6 27. Nc4 Bc7 28. Nb6
Bd6 29. Nc8 Bc7 30. Na7 Bxa5 31. Nxb5 Qxb5 32. Qc6 Qd3 33. Qxe6+ Kh8 34. Rc8
Bd8 35. Qf7 Rg8 36. Qxd5 Qxd2 37. Bh5 Qxe3+ 38. Kg2 Qd2+ 39. Kh3 Qf2 40. Qxg8+
1-0

[Event "Tournefeuille-Nice"]
[Site "Saint Affrique"]
[Date "2008.04.06"]
[Round "11.3"]
[White "Garrel, Alain"]
[Black "Oliveira, Sancho"]
[Result "0-1"]
[WhiteElo "2131"]
[BlackElo "2214"]
[PlyCount "62"]
[EventDate "2008.04.06"]

1. d4 Nf6 2. Nf3 g6 3. Nc3 Bg7 4. e4 d6 5. h3 O-O 6. Be3 c6 7. a4 Qa5 8. Nd2 d5
9. e5 Ne8 10. Nb3 Qc7 11. a5 f6 12. f4 Nd7 13. Bd3 fxe5 14. fxe5 Nxe5 15. dxe5
Qxe5 16. Qe2 Qg3+ 17. Kd2 e5 18. Raf1 Nf6 19. Kc1 d4 20. Bc4+ Kh8 21. Nxd4 exd4
22. Bxd4 Bf5 23. Be5 Qh4 24. g3 Qh6+ 25. Bf4 g5 26. Bd6 Rfe8 27. Rxf5 Rxe2 28.
Bxe2 Nd5 29. Ne4 Re8 30. Nxg5 Kg8 31. Bf3 Qxd6 0-1

[Event "Tournefeuille-Nice"]
[Site "Saint Affrique"]
[Date "2008.04.06"]
[Round "11.4"]
[White "Gachet, Sebastien"]
[Black "Faure, Nicolas"]
[Result "1-0"]
[WhiteElo "2290"]
[BlackElo "2034"]
[PlyCount "57"]
[EventDate "2008.04.06"]

1. e4 c5 2. Nf3 d6 3. d4 cxd4 4. Nxd4 Nf6 5. Nc3 a6 6. g3 e5 7. Nde2 Be6 8. Bg2
Qd7 9. h3 Nc6 10. Nd5 Bxd5 11. exd5 Ne7 12. Bg5 Qf5 13. Bxf6 Qxf6 14. c4 Qf5
15. Rc1 Ng6 16. h4 e4 17. Qa4+ Qd7 18. Qxd7+ Kxd7 19. Bxe4 Re8 20. Bxg6 hxg6
21. Kd2 Be7 22. b4 Bd8 23. Nf4 Bb6 24. c5 dxc5 25. bxc5 Ba5+ 26. Kd3 Re5 27.
Kd4 Ree8 28. Rb1 Kc8 29. Ne6 1-0

[Event "Tournefeuille-Nice"]
[Site "Saint Affrique"]
[Date "2008.04.06"]
[Round "11.5"]
[White "Grenier, Billy"]
[Black "Bes, Stephane"]
[Result "1-0"]
[WhiteElo "1880"]
[BlackElo "2125"]
[PlyCount "103"]
[EventDate "2008.04.06"]

1. e4 c5 2. Nf3 Nc6 3. d4 cxd4 4. c3 dxc3 5. Nxc3 d6 6. Bc4 e6 7. Qe2 Nf6 8.
O-O Be7 9. Rd1 e5 10. Bg5 Bg4 11. Rac1 O-O 12. Be3 Rc8 13. Bb3 Kh8 14. Rd2 Qa5
15. Rcd1 a6 16. Nd5 Nxd5 17. Rxd5 Qc7 18. h3 Be6 19. R5d3 Bxb3 20. Rxb3 b5 21.
Rc1 Qb7 22. Rd1 Na5 23. Rbd3 Qxe4 24. b3 Qg6 25. Ne1 e4 26. Rd5 f5 27. Bc1 f4
28. R5d4 d5 29. Rxd5 f3 30. Qd2 Nc6 31. g3 h6 32. Nc2 Bg5 33. Ne3 Bf4 34. Kh2
Bb8 35. Bb2 Rce8 36. Rd7 Ne5 37. Rb7 Qg5 38. Qc3 Rc8 39. Rxb8 Rxc3 40. Rxf8+
Kh7 41. Bxc3 Nd3 42. Rf7 Nxf2 43. Rxg7+ Qxg7 44. Bxg7 Nxd1 45. Nxd1 Kxg7 46. g4
Kf6 47. Kg3 Ke5 48. h4 Kd4 49. Kf4 b4 50. g5 hxg5+ 51. hxg5 f2 52. Ne3 1-0

[Event "Tournefeuille-Nice"]
[Site "Saint Affrique"]
[Date "2008.04.06"]
[Round "11.6"]
[White "Bramme, Isabelle"]
[Black "Tarayre, Pascal"]
[Result "1-0"]
[WhiteElo "1986"]
[BlackElo "1804"]
[PlyCount "53"]
[EventDate "2008.04.06"]

1. e4 c5 2. c3 Qa5 3. Nf3 Nc6 4. Be2 e6 5. O-O Nf6 6. e5 Nd5 7. d4 Be7 8. c4
Ndb4 9. d5 Nd4 10. Nxd4 cxd4 11. d6 Bd8 12. Bd2 Qc5 13. Bxb4 Qxb4 14. Qxd4 f6
15. Qc3 Qxc3 16. Nxc3 fxe5 17. Bf3 a6 18. b4 Rb8 19. Ne4 b6 20. Rac1 Bb7 21. a4
Rc8 22. Nf6+ Bxf6 23. Bxb7 Rb8 24. Bxa6 O-O 25. Bb5 Rbd8 26. a5 bxa5 27. bxa5
1-0

[Event "Tournefeuille-Nice"]
[Site "Saint Affrique"]
[Date "2008.04.06"]
[Round "11.7"]
[White "Marni Sandid, Tarik"]
[Black "Boursier, Julien"]
[Result "1/2-1/2"]
[WhiteElo "1666"]
[BlackElo "2083"]
[PlyCount "66"]
[EventDate "2008.04.06"]

1. e4 e6 2. d4 d5 3. Nc3 dxe4 4. Nxe4 Nd7 5. Be3 Ngf6 6. Ng3 b6 7. Nf3 Bb7 8.
Be2 Bd6 9. Bd3 O-O 10. Qd2 c5 11. O-O-O Nd5 12. Ne4 Be7 13. Neg5 h6 14. Nh3
Nxe3 15. fxe3 Rc8 16. Be2 Qc7 17. Nf4 Nf6 18. Ne5 Ne4 19. Qd3 Nf2 20. Qb3 Nxh1
21. Nxe6 Qd6 22. Nxf8 Bd5 23. Qd3 Bxf8 24. Rxh1 c4 25. Qf5 c3 26. Qxc8 cxb2+
27. Kd2 Qb4+ 28. c3 b1=N+ 29. Rxb1 Qxb1 30. Bc4 Qb2+ 31. Kd3 Qb1+ 32. Kd2 Qb2+
33. Kd3 Qb1+ 1/2-1/2

[Event "Tournefeuille-Nice"]
[Site "Saint Affrique"]
[Date "2008.04.06"]
[Round "11.8"]
[White "Bressac, Stephane"]
[Black "Cwiek, Perrine"]
[Result "0-1"]
[WhiteElo "2028"]
[BlackElo "1730"]
[PlyCount "112"]
[EventDate "2008.04.06"]

1. d4 d5 2. c4 c6 3. Nc3 Nf6 4. Bg5 e6 5. e3 Nbd7 6. Bd3 Be7 7. Nge2 dxc4 8.
Bxc4 b5 9. Bd3 a6 10. e4 e5 11. O-O O-O 12. f4 exd4 13. Nxd4 Qb6 14. Bc2 Bc5
15. Nce2 Re8 16. e5 Nd5 17. Kh1 Nf8 18. Rf3 Bg4 19. Rg3 Bxd4 20. Rxg4 Ne3 21.
Qxd4 Qxd4 22. Nxd4 Nxg4 23. Nf5 f6 24. h3 fxg5 25. hxg4 gxf4 26. Bb3+ Kh8 27.
Nd6 Re7 28. Rc1 Rc7 29. Rf1 Ng6 30. e6 c5 31. Bc2 Re7 32. Bxg6 hxg6 33. Nf7+
Kg8 34. Ng5 Rd8 35. Rxf4 Rd5 36. Nh3 Rxe6 37. Rf2 Rde5 38. Rd2 Re2 39. Rd8+ Re8
40. Rd6 Rxb2 41. Rxa6 c4 42. Ng5 c3 43. Rc6 c2 44. Kh2 Rxa2 45. Nf3 Rb8 46. Nd4
b4 47. Nb3 Rb2 48. Nc1 b3 49. Kg3 Rb1 50. Nd3 Rd1 51. g5 Rxd3+ 52. Kh4 Rb4+ 53.
g4 b2 54. Rc8+ Kf7 55. Rf8+ Ke6 56. Rf6+ gxf6 0-1